000 00321nam a2200145Ia 4500
100 _aChopra/ Sunil/ Meindl/ Peter
942 _cRB
654 _aManagement
245 _aSupply Chain Management
260 _bPearson Edu
_aAsia
_c2001
082 _a658.5
_bCHO/MEI
300 _a457
546 _aENGLISH
999 _c34372
_d34372